000 01029cam a22003014a 4500
001 14829480
005 20180823083210.0
008 070427s2008 enka b 001 0 eng
010 _a 2007018120
016 7 _a101305793
_2DNLM
020 _a9780195311174 (alk. paper)
020 _a0195311175 (alk. paper)
035 _a(OCoLC)ocn123962944
035 _a(OCoLC)123962944
040 _aDNLM/DLC
_cDLC
_dNLM
_dBTCTA
_dC#P
_dBAKER
_dBWX
_dYDXCP
_dDLC
041 _aeng
042 _apcc
060 1 0 _aQZ 220.1
_bT355 2008
080 _a614.59994
082 0 0 _a614.59994
_222
100 _a6
101 _aKAN
245 0 0 _aTextbook of cancer epidemiology /
_cedited by Hans-Olov Adami, David Hunter, Dimitrios Trichopoulos ; with an introductory chapter by Brian MacMahon.
504 _aIncludes bibliographical references and index.
906 _a7
_bcbc
_corignew
_d1
_eecip
_f20
_gy-gencatlg
942 _2ddc
_cBK
999 _c47287
_d47287